Top Oat Producing Countries - Statistics

General Stats
  • This quiz has been taken 101 times
    19 since last reset
  • The average score is 16 of 20
Answer Stats
Answer % Correct
United Kingdom
100%
China
94%
France
94%
Russia
94%
United States
94%
Brazil
88%
Canada
88%
Germany
88%
Australia
82%
Ukraine
76%
Argentina
71%
Norway
71%
Poland
71%
Spain
71%
Sweden
71%
Belarus
65%
Denmark
65%
Finland
65%
Chile
53%
Turkey
53%
No matching quizzes found
Score Distribution
Percent of People with Each Score
Percentile by Number Answered
Your Score History
You have not taken this quiz since the last reset